Kỹ thuật lập trình không có lỗi.

Na minha lista:
Detalhes bibliográficos
Autor principal: Không rõ
Formato: Livro
Idioma:Vietnamese
Publicado em: GTVT 2000
Tags: Adicionar Tag
Sem tags, seja o primeiro a adicionar uma tag!
Thư viện lưu trữ: Mạng thư viện Đại học Đà Nẵng
LEADER 00593nam a2200265 4500
001 000027623
003 KL1
005 20150406120000.0
008 150406s vm 000 vie
020 |c 0,0000 
040 |a notts 
100 |a Không rõ 
245 |a Kỹ thuật lập trình không có lỗi. 
260 |b GTVT  |c 2000 
OWN |a LTT 
999 |a From the UDN01 
TYP |a Monograph 
TYP |a Printed language 
980 |a Mạng thư viện Đại học Đà Nẵng